000 00544nam a22001937a 4500
003 OSt
005 20161007150006.0
008 161007b xxu||||| |||| 00| 0 eng d
020 _a0198504551
040 _cDDC,
082 _a546GRE 2000.
100 _aTundo,Pietro;Anastas,Paul;
_911159
245 _aGreen Chemistry.
_bChallenging Perspectives:
260 _aNew York.
_bOxford University Press.
_c2000.
300 _axii,269p;
_bill:
_c20cm.
504 _aincludes References and index.
650 _aChemistry.
_9797
942 _2ddc
_cO_SHELF
999 _c5322
_d5322